000
00262 a2200109 4500
001
38339
082
_a
620.1064AIA
090
_c
24356
_d
24356
100
_a
AIAA
245
_a
13th AIAA computational fluid dynamics
_b
2 vol.s set
260
_a
USA
_b
AIAA
_c
1997
942
_a
NUST-CAE
_k
620.1064AIA
999
_c
273412
_d
273412